Statistics for Brazil States Map Quiz

Click here to take the quiz!

General Stats

  • This quiz has been taken 16,899 times
  • The average score is 14 of 27

Answer Stats

Answer % Correct
Rio de Janeiro
74%
Amazonas
73%
Distrito Federal
69%
São Paulo
69%
Rio Grande do Sul
67%
Mato Grosso
60%
Mato Grosso do Sul
57%
Acre
57%
Bahia
55%
Minas Gerais
55%
Santa Catarina
54%
Goiás
52%
Espírito Santo
51%
Paraná
51%
Rio Grande do Norte
50%
Pernambuco
45%
Pará
45%
Amapá
44%
Tocantins
44%
Rondônia
43%
Roraima
41%
Maranhão
40%
Ceará
40%
Sergipe
40%
Piauí
37%
Alagoas
34%
Paraíba
33%

Score Distribution

Percentile by Number Answered

Percent of People with Each Score

Your Score History

You have not taken this quiz